IFM Opac

Everyone`s guide to economics (Record no. 14345)

MARC details
000 -LEADER
fixed length control field 00397nam a22001577a 4500
020 ## - INTERNATIONAL STANDARD BOOK NUMBER
International Standard Book Number 0395271177
082 ## - DEWEY DECIMAL CLASSIFICATION NUMBER
Classification number 330GAL
100 ## - MAIN ENTRY--PERSONAL NAME
Personal name Galbraith, Kenneth
245 ## - TITLE STATEMENT
Title Everyone`s guide to economics
260 ## - PUBLICATION, DISTRIBUTION, ETC.
Place of publication, distribution, etc. Boston
Name of publisher, distributor, etc. Houghton mifflin
Date of publication, distribution, etc. 1978
300 ## - PHYSICAL DESCRIPTION
Extent ix,162p
Other physical details ill,:25cm
500 ## - GENERAL NOTE
General note Includes index
650 ## - SUBJECT ADDED ENTRY--TOPICAL TERM
Topical term or geographic name entry element Everyone`s guide to economics
700 ## - ADDED ENTRY--PERSONAL NAME
Personal name Salinger, Nicole
942 ## - ADDED ENTRY ELEMENTS (KOHA)
Koha item type Books
Holdings
Withdrawn status Lost status Damaged status Not for loan Home library Current library Shelving location Date acquired Total Checkouts Full call number Barcode Date last seen Price effective from Koha item type
Withdrawn       IFM Main Campus Library IFM Main Campus Library Archival Collection 12/17/2015   330GAL 0000009062 12/17/2015 02/19/2022 Books